00526nam a2200181 a 4500001001300000003000900013005001700022008004100039020001000080082001900090100002000109245006600129260005900195300000900254500003500263650002600298700002000324nice12345678IN_TiNIC20260116015318.0070914s1999 soua grp 000 0 eng  ac10000a305.30968bALB aAlbertyn, Cathi aEngineering the Political Agendab A South African Case Study aSouth Africa bCentre for Applied Legal Studies c1999 a140p aincludes index and biblioraphy aGender Discrimination1 aAlbertyn, Cathi